| 000 | 00801nam a2200241 i 4500 | ||
|---|---|---|---|
| 001 | 18267 | ||
| 003 | ES-MaACL | ||
| 005 | 20250910215919.0 | ||
| 007 | t| | ||
| 008 | 011015s2000 sp ||||0| spa j | ||
| 020 | _a84-8191-337-5 | ||
| 040 |
_aM-BN _bspa _cM-BN |
||
| 080 | _a821.134.2-14"19" | ||
| 100 | 1 |
_aValente, José Ángel, _d1929-2000 _9112590 |
|
| 245 | 1 | 0 |
_aAnatomía de la palabra / _cJosé Angel Valente ; Nuria Fernández Quesada (ed.). |
| 260 |
_aValencia : _bPre-Textos, _c[2000] |
||
| 300 |
_a284 p. ; _c23 cm. |
||
| 490 | 1 |
_aPre-textos. Colección Textos y pretextos ; _v474 |
|
| 700 | 1 |
_aFernández Quesada, Nuria. _950016 |
|
| 830 | 0 |
_aColección textos y pretextos (Pre-textos) _v474 _9193495 |
|
| 852 |
_aES-MaACL _jL-24972 _bR.130314 |
||
| 999 |
_c18267 _d18267 |
||